[Event "Moscow Aeroflot op-A"]
[Site "Moscow"]
[Date "2024.03.05"]
[Round "6"]
[White "Charochkina, Daria"]
[Black "Abdurakhmanov, Mukhmmadali"]
[Result "1/2-1/2"]
[WhiteElo "2298"]
[BlackElo "2412"]
[PlyCount "260"]
[EventDate "2024.03.03"]
[EventType "swiss"]
[EventRounds "9"]
[EventCountry "RUS"]
[SourceTitle "CB11_2024"]
[SourceDate "2024.03.13"]
[SourceVersion "1"]
[SourceVersionDate "2024.03.13"]
[SourceQuality "1"]

1. d4 Nf6 2. c4 e6 3. Bf4 d5 4. cxd5 exd5 5. e3 c6 6. Bd3 Be7 7. Nc3 0-0 8. h3 Re8 9. Nge2 a5 10. Rc1 Na6 11. 0-0 Bf8 12. Ng3 g6 13. Qd2 Nc7 14. Be5 Bd6 15. f4 Rf8 16. Qf2 Nce8 17. f5 Bxe5 18. dxe5 Nd7 19. e4 Nxe5 20. Bb1 d4 21. Nce2 d3 22. Nf4 g5 23. Nxd3 Nxd3 24. Rcd1 Nxf2 25. Rxd8 Nxh3+ 26. gxh3 f6 27. a4 Kf7 28. Ba2+ Ke7 29. Rfd1 Nc7 30. Rxf8 Kxf8 31. Rd8+ Ke7 32. Rh8 Kd6 33. Rxh7 Na6 34. Nh5 Nc5 35. Nxf6 Ke5 36. Ng4+ Kxe4 37. Bb1+ Kf4 38. Rh8 Bxf5 39. Rxa8 Bxb1 40. Rxa5 b6 41. Ra8 Bc2 42. a5 bxa5 43. Rxa5 Ne6 44. Ne3 Bb3 45. Kf2 c5 46. Rb5 Ba4 47. Rb6 Bd7 48. Rb7 Bc6 49. Rf7+ Ke5 50. Ng4+ Kd6 51. Rh7 Bd7 52. Rh6 Bc8 53. Ke3 Kd5 54. Rh8 Ba6 55. Nf6+ Ke5 56. Ne4 Bf1 57. Re8 Kd5 58. Nf6+ Ke5 59. Ng4+ Kd5 60. Nf2 Nf4 61. Rh8 Ke5 62. Rg8 Nxh3 63. Nxh3 Bxh3 64. Rxg5+ Kd6 65. Ke4 Kc6 66. Ke5 Bf1 67. Rg1 Be2 68. Re1 Bf3 69. Re3 Bg2 70. Rg3 Bf1 71. Rc3 Kb5 72. Kd6 c4 73. Kd5 Kb4 74. Kd4 Be2 75. Ra3 Bf1 76. Ke3 Bg2 77. Kd2 Bc6 78. Ra6 Kb5 79. Ra7 Kb4 80. Rc7 Bf3 81. Rc8 Kb3 82. Rb8+ Ka2 83. Kc2 Bg2 84. Rb6 Be4+ 85. Kc1 Bf5 86. Rb7 Be4 87. Rb8 Bd5 88. Rb6 Be4 89. Rb5 Bg2 90. Rb4 Bf1 91. Kc2 Bd3+ 92. Kc1 Bf1 93. Rb7 Bd3 94. b4 Kb3 95. Rb8 Kc3 96. b5 Kb4 97. b6 Kc5 98. Kd2 Kb5 99. Kc3 Kc5 100. Kd2 Kb5 101. Ke3 Kc5 102. Kf4 Kc6 103. Ke5 Kc5 104. Kf4 Kc6 105. Kf3 Kb5 106. Kf4 Kc6 107. Ke3 Kc5 108. Kd2 Kb5 109. Kc1 Kc5 110. Kb2 Kb5 111. Ka3 Ka5 112. Ka2 Ka6 113. Kb2 Kb5 114. Kc1 Kc5 115. Kd1 Kc6 116. Ke1 Kb5 117. Kf2 Kc6 118. Kg3 Kc5 119. Kf4 Kb5 120. Ke5 Kc5 121. Ke6 Kc6 122. Ke7 Be2 123. Kf6 Bd3 124. Ke6 Be2 125. Kf6 Bd3 126. Ke6 Be2 127. Ke5 Kc5 128. b7 Kc6 129. Kd4 Bd3 130. Kc3 Kc7 1/2-1/2

[Event "Moscow Aeroflot op-A"]
[Site "Moscow"]
[Date "2024.03.03"]
[Round "2"]
[White "Paravyan, David"]
[Black "Abdurakhmanov, Mukhmmadali"]
[Result "1-0"]
[WhiteElo "2612"]
[BlackElo "2412"]
[PlyCount "103"]
[EventDate "2024.03.03"]
[EventType "swiss"]
[EventRounds "9"]
[EventCountry "RUS"]
[SourceTitle "CB11_2024"]
[SourceDate "2024.03.13"]
[SourceVersion "1"]
[SourceVersionDate "2024.03.13"]
[SourceQuality "1"]

1. e4 c5 2. Nf3 d6 3. d4 cxd4 4. Nxd4 Nf6 5. Nc3 a6 6. Bd3 e5 7. Nde2 Be7 8. 0-0 0-0 9. Ng3 Be6 10. Nd5 Bxd5 11. exd5 Re8 12. a4 Nbd7 13. a5 Bf8 14. c4 g6 15. Kh1 Rc8 16. f3 Nc5 17. Bc2 h5 18. Bg5 Be7 19. b3 Nh7 20. Be3 Bg5 21. Bg1 f5 22. b4 Nd7 23. c5 dxc5 24. bxc5 Nxc5 25. Nxf5 gxf5 26. Bxf5 Nd7 27. f4 Bxf4 28. g3 Bh6 29. Be6+ Kh8 30. Qxh5 Ndf6 31. Qxe5 Bg7 32. Bb6 Qe7 33. Rae1 Nf8 34. Bxc8 Qxe5 35. Rxe5 Rxc8 36. Bd4 Rc4 37. Ba1 N8d7 38. Ref5 Rc5 39. Bxf6 Bxf6 40. Rxf6 Nxf6 41. Rxf6 Rxa5 42. Rf8+ Kg7 43. Rb8 Rxd5 44. Rxb7+ Kf8 45. Kg2 Rd2+ 46. Kh3 a5 47. Ra7 Ra2 48. g4 a4 49. Kg3 a3 50. h4 Ra1 51. Kf4 a2 52. Kg5 1-0

[Event "Tashkent Schev 01"]
[Site "Tashkent"]
[Date "2024.01.27"]
[Round "7.4"]
[White "Abdurakhmanov, Mukhmmadali"]
[Black "Nikitenko, Mihail"]
[Result "1/2-1/2"]
[WhiteElo "2401"]
[BlackElo "2533"]
[PlyCount "79"]
[EventDate "2024.01.23"]
[EventType "schev"]
[EventRounds "10"]
[EventCountry "UZB"]
[SourceTitle "CB05_2024"]
[SourceDate "2024.01.31"]
[SourceVersion "1"]
[SourceVersionDate "2024.01.31"]
[SourceQuality "1"]
[WhiteTeam "Uzbekistan"]
[BlackTeam "World"]
[WhiteTeamCountry "UZB"]

1. d4 Nf6 2. Bf4 e6 3. e3 d5 4. Nf3 c5 5. Nbd2 Nc6 6. c3 Bd6 7. dxc5 Bxc5 8. Bd3 0-0 9. 0-0 Re8 10. e4 e5 11. Bg5 d4 12. Nb3 Bb6 13. cxd4 exd4 14. Re1 h6 15. Bh4 g5 16. Bg3 Bg4 17. Rc1 a6 18. a3 Nd7 19. h3 Bh5 20. Bf1 Nde5 21. Bxe5 Nxe5 22. g4 Bg6 23. Nxe5 Rxe5 24. Qf3 Qe7 25. Nd2 Re8 26. Bc4 Bc7 27. Kf1 Kg7 28. b4 b5 29. Bd5 a5 30. Qb3 h5 31. Nf3 hxg4 32. hxg4 axb4 33. axb4 Rh8 34. Nxe5 Bxe5 35. Rc6 Qa7 36. Rc5 Rh2 37. Qf3 Bf4 38. Qd3 Be5 39. Ke2 Qd7 40. Rg1 1/2-1/2

[Event "Tashkent Schev 01"]
[Site "Tashkent"]
[Date "2024.01.25"]
[Round "4.4"]
[White "Sivuk, Vitaly"]
[Black "Abdurakhmanov, Mukhmmadali"]
[Result "1-0"]
[WhiteElo "2502"]
[BlackElo "2401"]
[PlyCount "79"]
[EventDate "2024.01.23"]
[EventType "schev"]
[EventRounds "10"]
[EventCountry "UZB"]
[SourceTitle "CB05_2024"]
[SourceDate "2024.01.31"]
[SourceVersion "1"]
[SourceVersionDate "2024.01.31"]
[SourceQuality "1"]
[WhiteTeam "World"]
[BlackTeam "Uzbekistan"]
[BlackTeamCountry "UZB"]

1. d4 Nf6 2. c4 e6 3. Nf3 d5 4. Nc3 Bb4 5. Bg5 h6 6. Bxf6 Qxf6 7. e3 0-0 8. a3 Bxc3+ 9. bxc3 dxc4 10. Bxc4 b6 11. a4 Nc6 12. 0-0 Bb7 13. Qe2 Rfd8 14. Rfb1 Na5 15. Ba6 Be4 16. Rb2 c5 17. Ne5 Qg5 18. f3 Bd5 19. e4 Bb7 20. Bxb7 Nxb7 21. f4 Qf6 22. Rd2 Na5 23. Rd3 cxd4 24. cxd4 Rac8 25. Rf1 Nc6 26. Ng4 Qh4 27. d5 exd5 28. exd5 Re8 29. Qd1 f5 30. d6 Rcd8 31. d7 Re4 32. Nf2 Rxf4 33. g3 Qg5 34. Rd6 Ne7 35. Re1 Rxf2 36. Kxf2 f4 37. Kg2 h5 38. Qd4 Nf5 39. Re8+ Kh7 40. Qxf4 1-0

[Event "Wch Blitz"]
[Site "Samarkand"]
[Date "2023.12.30"]
[Round "17"]
[White "Abdurakhmanov, Mukhmmadali"]
[Black "Zvjaginsev, Vadim"]
[Result "0-1"]
[WhiteElo "2409"]
[BlackElo "2567"]
[PlyCount "64"]
[EventDate "2023.12.29"]
[EventType "swiss (blitz)"]
[EventRounds "21"]
[EventCountry "UZB"]
[SourceTitle "CB01_2024"]
[SourceDate "2024.01.03"]
[SourceVersion "1"]
[SourceVersionDate "2024.01.03"]
[SourceQuality "1"]

1. d4 d6 2. e4 g6 3. h4 h5 4. f3 Bg7 5. Be3 c5 6. Ne2 cxd4 7. Nxd4 Nc6 8. Qd2 Nxd4 9. Bxd4 Bxd4 10. Qxd4 Nf6 11. Nc3 Be6 12. 0-0-0 Qa5 13. Bb5+ Kf8 14. f4 Rc8 15. Bd3 Qc5 16. Qxc5 Rxc5 17. a3 Kg7 18. g3 Rhc8 19. Rhe1 a6 20. Rd2 b5 21. Ne2 Bg4 22. b4 R5c7 23. Nd4 e5 24. fxe5 dxe5 25. Nb3 Nd7 26. Kb2 Be6 27. Nc1 Nb6 28. Ne2 Bc4 29. Kb1 Na4 30. Nc1 Be6 31. Re3 Rc3 32. Bxb5 axb5 0-1

[Event "Wch Blitz"]
[Site "Samarkand"]
[Date "2023.12.29"]
[Round "3"]
[White "Lazavik, Denis"]
[Black "Abdurakhmanov, Mukhmmadali"]
[Result "1-0"]
[WhiteElo "2566"]
[BlackElo "2409"]
[PlyCount "113"]
[EventDate "2023.12.29"]
[EventType "swiss (blitz)"]
[EventRounds "21"]
[EventCountry "UZB"]
[SourceTitle "CB01_2024"]
[SourceDate "2024.01.03"]
[SourceVersion "1"]
[SourceVersionDate "2024.01.03"]
[SourceQuality "1"]

1. d4 Nf6 2. c4 e6 3. Nf3 d5 4. g3 dxc4 5. Bg2 a6 6. 0-0 Nc6 7. e3 Rb8 8. Nfd2 e5 9. Bxc6+ bxc6 10. dxe5 Ng4 11. Nxc4 Qxd1 12. Rxd1 Be6 13. b3 Bxc4 14. bxc4 Nxe5 15. Nd2 Be7 16. f4 Nd3 17. Nb3 Nc5 18. Nd4 Rb4 19. Nxc6 Rxc4 20. Ba3 Bd6 21. Rac1 Rxc1 22. Rxc1 Ne4 23. Bxd6 cxd6 24. Nb8 Ke7 25. Nxa6 Ra8 26. Nb4 Ra4 27. Rc4 Nc5 28. Nd5+ Ke6 29. Rxa4 Nxa4 30. Nb4 Nc3 31. Kf1 d5 32. Ke1 Kd6 33. Kd2 Ne4+ 34. Kd3 Kc5 35. Nc2 Nf2+ 36. Ke2 Ne4 37. a3 h5 38. Nd4 g6 39. Nf3 f6 40. Nh4 g5 41. Nf5 Nc3+ 42. Kd3 Ne4 43. a4 Nf2+ 44. Ke2 Ne4 45. a5 Kb5 46. Ne7 Kxa5 47. Nxd5 Kb5 48. Kd3 Nf2+ 49. Kd4 gxf4 50. exf4 Ng4 51. h3 Nh6 52. Ke4 Ng8 53. Kf5 Kc5 54. Nxf6 Ne7+ 55. Kg5 Kd4 56. Nxh5 Ke4 57. g4 1-0

[Event "Wch Rapid"]
[Site "Samarkand"]
[Date "2023.12.28"]
[Round "10"]
[White "Tabatabaei, Mohammad Amin"]
[Black "Abdurakhmanov, Mukhmmadali"]
[Result "0-1"]
[WhiteElo "2692"]
[BlackElo "2409"]
[PlyCount "122"]
[EventDate "2023.12.26"]
[EventType "swiss (rapid)"]
[EventRounds "13"]
[EventCountry "UZB"]
[SourceTitle "CB01_2024"]
[SourceDate "2024.01.03"]
[SourceVersion "1"]
[SourceVersionDate "2024.01.03"]
[SourceQuality "1"]

1. e4 c5 2. Nf3 d6 3. Bb5+ Nd7 4. a4 Ngf6 5. Nc3 e6 6. 0-0 Be7 7. d4 cxd4 8. Qxd4 0-0 9. Rd1 a6 10. Bf1 e5 11. Qe3 b6 12. Nd2 Bb7 13. Nc4 Qc7 14. b3 Nc5 15. f3 Rad8 16. Bb2 Rfe8 17. Qf2 Bf8 18. Ne3 g6 19. Ned5 Nxd5 20. Nxd5 Bxd5 21. Rxd5 Qb7 22. Qe2 Ra8 23. Rad1 Ne6 24. g3 Nc7 25. R5d2 b5 26. a5 Ne6 27. Qe3 h5 28. c4 b4 29. Bg2 Qc7 30. Rd5 Kh7 31. f4 Bh6 32. Rf1 Rad8 33. Kh1 Nc5 34. Qe1 Nxb3 35. fxe5 dxe5 36. Qxb4 Nd2 37. Rc1 Rb8 38. Qc3 Nxc4 39. Rc2 Rec8 40. Bh3 Rxb2 41. Rxb2 Nxb2 42. Qxb2 Rb8 43. Qf2 Rb1+ 44. Bf1 Be3 45. Qf3 Bd4 46. Kg2 Rb2+ 47. Be2 Kg7 48. Kh3 Qc8+ 49. Kh4 Qe6 50. Qf1 Be3 51. g4 Bf4 52. Qg2 g5+ 53. Kh3 hxg4+ 54. Qxg4 Rxe2 55. Qxe6 fxe6 56. Rd6 Rxh2+ 57. Kg4 Rg2+ 58. Kh5 Kf6 59. Rxa6 g4 60. Ra8 g3 61. Kg4 Ra2 0-1

[Event "Wch Rapid"]
[Site "Samarkand"]
[Date "2023.12.28"]
[Round "13"]
[White "Tari, Aryan"]
[Black "Abdurakhmanov, Mukhmmadali"]
[Result "1-0"]
[WhiteElo "2623"]
[BlackElo "2409"]
[PlyCount "67"]
[EventDate "2023.12.26"]
[EventType "swiss (rapid)"]
[EventRounds "13"]
[EventCountry "UZB"]
[SourceTitle "CB01_2024"]
[SourceDate "2024.01.03"]
[SourceVersion "1"]
[SourceVersionDate "2024.01.03"]
[SourceQuality "1"]

1. e4 c5 2. Nf3 d6 3. Bb5+ Nd7 4. 0-0 Ngf6 5. Re1 a6 6. Bf1 g6 7. c3 Bg7 8. d4 0-0 9. e5 Ne8 10. Bg5 f6 11. exf6 Nexf6 12. Nbd2 cxd4 13. Nxd4 Ne5 14. Qb3+ Kh8 15. Ne6 Bxe6 16. Qxe6 Nc6 17. Nf3 Qb6 18. Rab1 Rae8 19. Bd3 Nd8 20. Qh3 Kg8 21. Bc4+ Kh8 22. Re2 e5 23. Nh4 Nh5 24. g4 Qc6 25. Nxg6+ hxg6 26. gxh5 Qf3 27. Qxf3 Rxf3 28. Bxd8 Rxd8 29. hxg6 d5 30. Rd1 d4 31. cxd4 exd4 32. Re4 Bf6 33. Be6 Re8 34. Kg2 1-0

[Event "Wch Rapid"]
[Site "Samarkand"]
[Date "2023.12.26"]
[Round "3"]
[White "Abdurakhmanov, Mukhmmadali"]
[Black "Urazayev, Arystanbek"]
[Result "1-0"]
[WhiteElo "2409"]
[BlackElo "2472"]
[PlyCount "51"]
[EventDate "2023.12.26"]
[EventType "swiss (rapid)"]
[EventRounds "13"]
[EventCountry "UZB"]
[SourceTitle "CB01_2024"]
[SourceDate "2024.01.03"]
[SourceVersion "1"]
[SourceVersionDate "2024.01.03"]
[SourceQuality "1"]

1. d4 d5 2. Bf4 Nf6 3. e3 e6 4. Nf3 c5 5. Nbd2 Nc6 6. Bb5 Qb6 7. c4 dxc4 8. Qa4 Bd7 9. Nxc4 Qd8 10. dxc5 Bxc5 11. Nfe5 0-0 12. Bxc6 Bxc6 13. Nxc6 bxc6 14. 0-0 Nd5 15. Bg3 Rc8 16. Rfd1 Qe7 17. Rac1 Rfd8 18. h3 h6 19. Ne5 Nb6 20. Rxd8+ Qxd8 21. Qxa7 Qf8 22. Rxc5 Qxc5 23. Qxf7+ Kh8 24. Ng6+ Kh7 25. Be5 Rg8 26. Ne7 1-0

[Event "Wch Rapid"]
[Site "Samarkand"]
[Date "2023.12.26"]
[Round "4"]
[White "Quparadze, Giga"]
[Black "Abdurakhmanov, Mukhmmadali"]
[Result "1-0"]
[WhiteElo "2491"]
[BlackElo "2409"]
[PlyCount "57"]
[EventDate "2023.12.26"]
[EventType "swiss (rapid)"]
[EventRounds "13"]
[EventCountry "UZB"]
[SourceTitle "CB01_2024"]
[SourceDate "2024.01.03"]
[SourceVersion "1"]
[SourceVersionDate "2024.01.03"]
[SourceQuality "1"]

1. e4 c5 2. Nf3 Nc6 3. Bb5 e6 4. 0-0 Nge7 5. c3 a6 6. Ba4 b5 7. Bc2 d5 8. a4 Rb8 9. axb5 axb5 10. d4 cxd4 11. Bf4 Rb6 12. Nxd4 Nxd4 13. Qxd4 Bb7 14. Be3 Rd6 15. Bd3 Bc6 16. e5 Rd7 17. Nd2 Qb8 18. Nb3 Nc8 19. Ra6 Rc7 20. Rfa1 Be7 21. Qg4 0-0 22. Nd4 Bb7 23. Bh6 g6 24. Rxe6 Kh8 25. Bxf8 Bxf8 26. Re8 Kg8 27. e6 Re7 28. exf7+ Kxf7 29. Rd8 1-0

[Event "Wch Rapid"]
[Site "Samarkand"]
[Date "2023.12.26"]
[Round "2"]
[White "Yakubboev, Nodirbek"]
[Black "Abdurakhmanov, Mukhmmadali"]
[Result "1-0"]
[WhiteElo "2661"]
[BlackElo "2409"]
[PlyCount "127"]
[EventDate "2023.12.26"]
[EventType "swiss (rapid)"]
[EventRounds "13"]
[EventCountry "UZB"]
[SourceTitle "CB01_2024"]
[SourceDate "2024.01.03"]
[SourceVersion "1"]
[SourceVersionDate "2024.01.03"]
[SourceQuality "1"]

1. e4 c5 2. Nf3 Nc6 3. Bb5 e6 4. Bxc6 bxc6 5. d3 Ne7 6. 0-0 Ng6 7. Ng5 f6 8. Nh3 d5 9. Qh5 Qc7 10. f4 Qf7 11. Nc3 Be7 12. Na4 Ba6 13. Re1 0-0 14. b3 c4 15. dxc4 dxc4 16. Be3 f5 17. Nc5 Bc8 18. Ng5 Bxg5 19. Qxg5 e5 20. Rf1 h6 21. Qg3 exf4 22. Bxf4 Nxf4 23. Qxf4 Qe7 24. Qe3 f4 25. Qd4 Be6 26. Qe5 Rae8 27. Rad1 cxb3 28. axb3 Qf7 29. Qc3 Qc7 30. b4 Bg4 31. Rd3 Qf7 32. Rf2 Re7 33. h3 Bc8 34. Rd6 Qe8 35. Kh2 Kh7 36. Rfd2 g5 37. Rd8 Qf7 38. Rxf8 Qxf8 39. Rd3 g4 40. hxg4 Bxg4 41. Kg1 Rg7 42. Kf2 Qe7 43. Ke1 Qh4+ 44. Kd2 Qf2+ 45. Kc1 Qxg2 46. Qf6 f3 47. Rd6 Qh1+ 48. Kb2 Qh5 49. Nd3 Rf7 50. Qd4 a5 51. e5 Qg5 52. bxa5 Bf5 53. e6 Re7 54. a6 c5 55. Nxc5 Qg2 56. Rd7 Qxc2+ 57. Ka3 Qc1+ 58. Kb4 Qe1+ 59. Kb5 Rxd7 60. exd7 f2 61. d8Q f1Q+ 62. Kb6 Qb1+ 63. Kc7 Kg6 64. Q8f6+ 1-0

[Event "Sitges Sunway op 10th"]
[Site "Sitges"]
[Date "2023.12.18"]
[Round "6"]
[White "Vignesh, NR."]
[Black "Abdurakhmanov, Mukhmmadali"]
[Result "1/2-1/2"]
[WhiteElo "2529"]
[BlackElo "2409"]
[PlyCount "144"]
[EventDate "2023.12.12"]
[EventType "swiss"]
[EventRounds "10"]
[EventCountry "ESP"]
[SourceTitle "CB52_2023"]
[SourceDate "2023.12.27"]
[SourceVersion "1"]
[SourceVersionDate "2023.12.27"]
[SourceQuality "1"]

1. e4 c5 2. Nf3 d6 3. d4 cxd4 4. Nxd4 Nf6 5. Nc3 a6 6. h3 e5 7. Nb3 h5 8. Be3 Be6 9. f4 Qc7 10. f5 Bc4 11. Bxc4 Qxc4 12. Qf3 Nbd7 13. 0-0-0 h4 14. Bg5 Rc8 15. Kb1 b5 16. a3 Be7 17. Bxf6 Nxf6 18. Nd2 Qc6 19. Qd3 Bd8 20. Nd5 Nd7 21. Nb4 Qb6 22. Nb3 Rh6 23. g3 a5 24. Nd5 Qc6 25. gxh4 Qc4 26. Qg3 Qxc2+ 27. Ka1 Qxe4 28. Qxg7 Rxh4 29. Nd4 Rc2 30. Nxc2 Qxc2 31. Rc1 Qd3 32. Qg8+ Nf8 33. Nc7+ Bxc7 34. Rxc7 Qxf5 35. Rhc1 Rc4 36. R1xc4 bxc4 37. Qg4 Qxg4 38. hxg4 Ne6 39. Rxc4 d5 40. Rc1 e4 41. b4 axb4 42. axb4 Kd7 43. Kb1 d4 44. Kc2 Nf4 45. Rd1 d3+ 46. Kd2 Kd6 47. b5 Kc5 48. Re1 Kxb5 49. Rxe4 Ng6 50. Kxd3 Kc5 51. Rd4 Ne5+ 52. Kc3 f6 53. Ra4 Kd5 54. Kd2 Ke6 55. Ke3 Kf7 56. Kf4 Kg6 57. g5 Nf7 58. gxf6 Kxf6 59. Ra6+ Ke7 60. Ke4 Nd6+ 61. Kd5 Nf7 62. Re6+ Kd7 63. Re1 Nd6 64. Ra1 Nc8 65. Rd1 Ne7+ 66. Ke5+ Kc7 67. Ke6 Nc6 68. Rc1 Kb6 69. Kd6 Nb4 70. Rc5 Na6 71. Rh5 Nb4 72. Rh8 Kb5 1/2-1/2

[Event "Sitges Sunway op 10th"]
[Site "Sitges"]
[Date "2023.12.15"]
[Round "4"]
[White "Mendonca, Leon Luke"]
[Black "Abdurakhmanov, Mukhmmadali"]
[Result "1/2-1/2"]
[WhiteElo "2611"]
[BlackElo "2409"]
[PlyCount "81"]
[EventDate "2023.12.12"]
[EventType "swiss"]
[EventRounds "10"]
[EventCountry "ESP"]
[SourceTitle "CB52_2023"]
[SourceDate "2023.12.27"]
[SourceVersion "1"]
[SourceVersionDate "2023.12.27"]
[SourceQuality "1"]

1. e4 c5 2. Nf3 Nc6 3. d4 cxd4 4. Nxd4 Nf6 5. Nc3 e5 6. Ndb5 d6 7. Nd5 Nxd5 8. exd5 Nb8 9. a4 Be7 10. Be2 0-0 11. Bd2 Nd7 12. a5 a6 13. Na3 Nf6 14. c4 Ne4 15. Bb4 b6 16. Nb1 Bg5 17. 0-0 f5 18. Nc3 Rb8 19. Qc2 Nc5 20. Na4 Nxa4 21. Rxa4 bxa5 22. Bxa5 Qe7 23. b4 Bd7 24. Ra3 Rfc8 25. Rc3 e4 26. c5 Bb5 27. Bxb5 axb5 28. c6 Qe5 29. c7 Ra8 30. Re1 h5 31. g3 Bf6 32. Rc6 h4 33. f4 Qxd5 34. gxh4 Bd4+ 35. Kg2 Bc5 36. Rxc5 dxc5 37. Rd1 Qc6 38. Rd8+ Kh7 39. Kf1 c4 40. Qd1 Qg6 41. Qd5 1/2-1/2

[Event "Sant Boi de Llobregat op 4th"]
[Site "Sant Boi de Llobregat"]
[Date "2023.12.01"]
[Round "2"]
[White "Asadli, Vugar Afgan Oglu"]
[Black "Abdurakhmanov, Mukhmmadali"]
[Result "1-0"]
[WhiteElo "2562"]
[BlackElo "2409"]
[PlyCount "59"]
[EventDate "2023.11.30"]
[EventType "swiss"]
[EventRounds "9"]
[EventCountry "ESP"]
[SourceTitle "CB50_2023"]
[SourceDate "2023.12.13"]
[SourceVersion "1"]
[SourceVersionDate "2023.12.13"]
[SourceQuality "1"]

1. e4 c5 2. Nf3 Nc6 3. d4 cxd4 4. Nxd4 e6 5. Nc3 Qc7 6. Be3 Nf6 7. Ndb5 Qb8 8. f4 a6 9. e5 axb5 10. exf6 gxf6 11. Nxb5 b6 12. Be2 Bc5 13. Qd2 Ba6 14. 0-0 d5 15. Kh1 Ne7 16. Qc3 Bxe3 17. Nc7+ Kd8 18. Nxa6 d4 19. Qa3 Qa7 20. f5 Nd5 21. fxe6 fxe6 22. c4 Nf4 23. Qd6+ Qd7 24. Qxb6+ Ke7 25. Bf3 Rac8 26. c5 Nd3 27. c6 Qd6 28. Qb7+ Kd8 29. Qg7 Re8 30. Rad1 1-0

[Event "Qatar Masters op"]
[Site "Doha"]
[Date "2023.10.18"]
[Round "7"]
[White "Abdurakhmanov, Mukhmmadali"]
[Black "Raja, Rithvik R"]
[Result "0-1"]
[WhiteElo "2405"]
[BlackElo "2495"]
[PlyCount "104"]
[EventDate "2023.10.11"]
[EventType "swiss"]
[EventRounds "9"]
[EventCountry "QAT"]
[SourceTitle "Mega2024 Update 01"]
[Source "Chessbase"]
[SourceDate "2023.11.12"]
[SourceVersion "1"]
[SourceVersionDate "2023.11.12"]
[SourceQuality "1"]

1. d4 Nf6 2. Bg5 d5 3. e3 c5 4. Bxf6 gxf6 5. dxc5 Nc6 6. Nf3 e5 7. a3 Bxc5 8. b4 Bb6 9. c4 d4 10. c5 dxe3 11. fxe3 Qxd1+ 12. Kxd1 Bc7 13. Nbd2 f5 14. Bc4 e4 15. Nd4 Be5 16. N2b3 Be6 17. Nxe6 fxe6 18. Ra2 Ke7 19. Bb5 Rac8 20. Rd2 Bc3 21. Rc2 Bf6 22. Bxc6 Rxc6 23. Ke2 Rg8 24. Kf2 Rd8 25. Rb1 Rd3 26. Na5 Rc7 27. Nc4 b6 28. cxb6 axb6 29. a4 Bc3 30. Na3 Be5 31. Rxc7+ Bxc7 32. Nb5 Rd2+ 33. Kg1 Be5 34. Na3 Ra2 35. Rb3 Ra1+ 36. Kf2 Bxh2 37. a5 bxa5 38. bxa5 Ra2+ 39. Kf1 Ra1+ 40. Ke2 Ra2+ 41. Kf1 Bg3 42. a6 Rf2+ 43. Kg1 Re2 44. Rb1 Ra2 45. Nc4 Rxa6 46. Nd2 Ra2 47. Nf1 Bf2+ 48. Kh2 h5 49. Rb7+ Kf6 50. Rh7 h4 51. Kh3 Ra1 52. Nh2 Rh1 0-1

[Event "Qatar Masters op"]
[Site "Doha"]
[Date "2023.10.11"]
[Round "1"]
[White "Mendonca, Leon Luke"]
[Black "Abdurakhmanov, Mukhmmadali"]
[Result "1-0"]
[WhiteElo "2622"]
[BlackElo "2405"]
[PlyCount "93"]
[EventDate "2023.10.11"]
[EventType "swiss"]
[EventRounds "9"]
[EventCountry "QAT"]
[SourceTitle "Mega2024 Update 01"]
[Source "Chessbase"]
[SourceDate "2023.11.12"]
[SourceVersion "1"]
[SourceVersionDate "2023.11.12"]
[SourceQuality "1"]

1. d4 Nf6 2. c4 e6 3. g3 d5 4. Bg2 dxc4 5. Nf3 c5 6. 0-0 Nc6 7. dxc5 Qxd1 8. Rxd1 Bxc5 9. Nbd2 c3 10. bxc3 0-0 11. Nb3 Be7 12. c4 Bd7 13. Bb2 Rfd8 14. Nfd4 Rac8 15. Nb5 e5 16. Nd6 Bxd6 17. Rxd6 Bg4 18. Rxd8+ Rxd8 19. Kf1 Be6 20. Bxc6 bxc6 21. Na5 c5 22. Bxe5 Ng4 23. Bf4 Nxh2+ 24. Ke1 Ng4 25. f3 Nf6 26. Rb1 h5 27. Rb7 Rd7 28. Rb5 Bf5 29. Rxc5 Bb1 30. a3 Bc2 31. Bd2 Re7 32. Bc3 Bd3 33. e4 Re6 34. Kd2 Bf1 35. Ke3 Nd7 36. Rxh5 Nb6 37. Rc5 Na4 38. Rc8+ Kh7 39. Bb4 f5 40. Kd4 fxe4 41. fxe4 Rg6 42. Rf8 Bg2 43. c5 Rxg3 44. c6 Rg4 45. Re8 Nb6 46. c7 Bh3 47. Nc4 1-0

[Event "Istanbul op"]
[Site "Istanbul"]
[Date "2023.08.31"]
[Round "7"]
[White "Abdurakhmanov, Mukhmmadali"]
[Black "Gunduz, Umut Erdem"]
[Result "1-0"]
[WhiteElo "2384"]
[BlackElo "2301"]
[PlyCount "85"]
[EventDate "2023.08.26"]
[EventType "swiss"]
[EventRounds "9"]
[EventCountry "TUR"]
[SourceTitle "EXT 2024"]
[Source "ChessBase"]
[SourceDate "2023.10.10"]
[SourceVersion "1"]
[SourceVersionDate "2023.10.10"]
[SourceQuality "1"]

1. d4 Nf6 2. Bg5 Ne4 3. h4 c5 4. d5 d6 5. c3 Nxg5 6. hxg5 e5 7. dxe6 Bxe6 8. f4 d5 9. e4 dxe4 10. Qxd8+ Kxd8 11. Na3 Bd6 12. g3 Nd7 13. 0-0-0 Ke7 14. Bc4 f6 15. Bxe6 Kxe6 16. Nb5 Bb8 17. gxf6 Nxf6 18. Nh3 a6 19. Ng5+ Kf5 20. Na3 h6 21. Nc4 b5 22. Ne3+ Kg6 23. Ne6 Re8 24. c4 Kh7 25. f5 Bxg3 26. Nd5 Nxd5 27. cxd5 Ra7 28. Kd2 Bf2 29. Ke2 Bd4 30. b4 Rd7 31. bxc5 Rxd5 32. Rxd4 Rxf5 33. Rxe4 Kg6 34. Nf4+ Kf7 35. Rxe8 Kxe8 36. Nd3 Kd7 37. Ke3 Kc6 38. Rc1 a5 39. Ke4 Rh5 40. Ne5+ Kc7 41. Rf1 Rh2 42. Rf7+ Kc8 43. Kd5 1-0

[Event "Abu Dhabi op 29th"]
[Site "Abu Dhabi"]
[Date "2023.08.19"]
[Round "4"]
[White "Abdurakhmanov, Mukhmmadali"]
[Black "Madaminov, Mukhiddin"]
[Result "1/2-1/2"]
[WhiteElo "2384"]
[BlackElo "2484"]
[PlyCount "61"]
[EventDate "2023.08.16"]
[EventType "swiss"]
[EventRounds "9"]
[EventCountry "UAE"]
[SourceTitle "EXT 2024"]
[Source "ChessBase"]
[SourceDate "2023.10.10"]
[SourceVersion "1"]
[SourceVersionDate "2023.10.10"]
[SourceQuality "1"]

1. d4 Nf6 2. Bg5 d5 3. e3 c5 4. Bxf6 gxf6 5. dxc5 e6 6. Nf3 Bxc5 7. Be2 Nc6 8. 0-0 0-0 9. c4 d4 10. exd4 Nxd4 11. Nxd4 Bxd4 12. Qc2 Bd7 13. Nc3 Bc6 14. Rad1 f5 15. Rd3 Qf6 16. Bf3 Bxf3 17. Rxf3 Rfd8 18. g3 Rac8 19. b3 Qe5 20. Rc1 Bb6 21. Kg2 Rd4 22. Rd1 Rcd8 23. Rfd3 h5 24. Rxd4 Rxd4 25. Rxd4 Qxd4 26. Na4 Ba5 27. Qe2 h4 28. Qf3 hxg3 29. hxg3 b6 30. Qf4 Qd8 31. Qf3 1/2-1/2

[Event "Abu Dhabi op 29th"]
[Site "Abu Dhabi"]
[Date "2023.08.18"]
[Round "3"]
[White "Abdurakhmanov, Mukhmmadali"]
[Black "Karthik, Venkataraman"]
[Result "1/2-1/2"]
[WhiteElo "2384"]
[BlackElo "2562"]
[PlyCount "83"]
[EventDate "2023.08.16"]
[EventType "swiss"]
[EventRounds "9"]
[EventCountry "UAE"]
[SourceTitle "EXT 2024"]
[Source "ChessBase"]
[SourceDate "2023.10.10"]
[SourceVersion "1"]
[SourceVersionDate "2023.10.10"]
[SourceQuality "1"]

1. d4 Nf6 2. Bg5 c5 3. d5 d6 4. Nc3 h6 5. Bf4 e5 6. dxe6 Bxe6 7. e4 Nc6 8. Bb5 Qb6 9. Qd3 0-0-0 10. Bxc6 Qxc6 11. 0-0-0 Be7 12. Nge2 d5 13. exd5 Nxd5 14. Nxd5 Rxd5 15. Qa3 a6 16. Rxd5 Bxd5 17. f3 Re8 18. Rd1 g5 19. Bg3 Bc4 20. Nc3 f5 21. b3 Bf7 22. Qa5 Bd8 23. Nb5 Bb6 24. Qxb6 Qxb6 25. Nd6+ Qxd6 26. Rxd6 Re2 27. Rf6 Be8 28. Rxf5 Rxc2+ 29. Kxc2 Bg6 30. Bd6 Bxf5+ 31. Kd2 h5 32. Be7 g4 33. Bxc5 gxf3 34. gxf3 Kd7 35. Ke3 Bb1 36. a3 Ba2 37. b4 Ke6 38. Kf4 Bd5 39. h4 Bc6 40. Bf8 Kf7 41. Bc5 Ke6 42. Bf8 1/2-1/2